000 00422nab a2200145Ia 4500
003 ES-SlBCS
005 20210601124302.0
008 140529s1973 xxu||||| |||| 00| 0 eng d
041 _aeng
100 1 _aLevit, Martin
_9139123
245 0 4 _aThe Study of Educaction
_c Martin Levit
650 0 4 _aEstudio de la Educación
_9139124
773 0 _tEducational Theory
_gvol. 23, nº. 1, 1973, págs. 15-26
_wRev1399
942 _cAR
999 _c512306
_d512306